| 000 | 00872nam a2200217 i 4500 | ||
|---|---|---|---|
| 001 | 168228 | ||
| 003 | ES-MaACL | ||
| 005 | 20231229063055.0 | ||
| 008 | 921005s1868 sp |||| | spa d | ||
| 080 | _a821.134.2-1"18" | ||
| 100 | 1 |
_aZorrilla, José, _d1817-1893 _9118354 |
|
| 245 | 1 | 4 |
_aLas almas enamoradas _b: leyenda en verso / _cpor José Zorrilla. |
| 260 |
_aBarcelona : _bAdministración: Ronda del Norte, número 128 : _bLibr. de Antonio de San Martin, _c1868. |
||
| 300 |
_a218, 6 p. ; _c16 cm. |
||
| 490 | 1 | _aBiblioteca de Manero. Seccion recreativa | |
| 530 | _aDisponible en formato digital. | ||
| 830 | 0 |
_aBiblioteca de Manero. Seccion recreativa _9222706 |
|
| 852 |
_aES-MaACL _jD-1881 |
||
| 856 |
_uhttp://bibliotecadigital.jcyl.es/i18n/consulta/registro.cmd?id=2294 _zBiblioteca Digital de Castilla y León |
||
| 999 |
_c168228 _d168228 |
||